| 000 | 00523nam a2200193 a 4500 | ||
|---|---|---|---|
| 005 | 20240925064143.0 | ||
| 008 | 991125s1955 par 000 0 fre u | ||
| 035 | _aUPN01000018427 | ||
| 049 | _aCG | ||
| 050 | 4 |
_aLB1051 _bW3.4 |
|
| 100 | 1 |
_aWall, W. D. _929495 |
|
| 245 | 1 | 0 |
_aEducation et santé mentale / _cpar W.D. Wall. |
| 260 |
_aParís : _bUNESCO, _c1955. |
||
| 300 | _a398 p. | ||
| 440 | 0 | _aProblémes d'éducation | |
| 650 | 4 |
_aNiño, Estudio del _9221 |
|
| 650 | 4 |
_aPsicología educativa _95197 |
|
| 905 | _aLibro | ||
| 999 |
_c18427 _d18427 |
||